LEADER 01237nam a2200277 a 4500 001 000000121505 003 CaOOAMICUS 005 20150622120832.0 008 100504s2010 it u000 u ita r 040 $aPUL$bita$dReb 082 04$a150 100 1 $aCappelletto, Chiara.$0(OLS)http://pul/name/76109 245 10$aNeuroestetica. L'arte del cervello /$cChiara Cappelletto. 260 $aMilano :$bIl Sole 24 ore,$cİ2010$aRoma ; Bari :$bEditori Laterza 300 $a203 p. ;$c21 cm. 490 1 $aBiblioteca del Sapere del Sole 24 Ore$aPsicologia ;$v26 504 $aBibliografia p. 185-[188]. 650 4$aCervello$xArte.$0(OLS)http://pul/subject/36791 830 0$aBiblioteca del Sapere del Sole 24 Ore$pPsicologia ;$v26.$0(OLS)http://pul/title/148954 850 $aPUL 852 $aPUL$W1$xDP2 Filosofia 3$y112$m150 COLL 3.26$j139458$qDDC 21$B138663$CPULBib$Z2$F138663 $H113531 $82 941 1 $a9 996 $6082$a150$9(OLS)http://pul/classification/361 996 $6245$aNeuroestetica. L'arte del cervello$9(OLS)http://pul/title/152870 996 $6260$aMilano :$bIl Sole 24 ore$9(OLS)http://pul/publisher/69212 996 $6260$aRoma ; Bari :$bEditori Laterza$9(OLS)http://pul/publisher/61082 LEADER 01244nam a2200289 a 4500 001 000000146197 003 CaOOAMICUS 005 20151002120146.0 008 151002s2015 gw u000 u eng r 020 $z9783110310566* 040 $aPUL$bita 100 1 $aElliott, Mark W.,$d1965-$0(OLS)http://pul/name/38691 245 10$aProvidence perceived :$bdivine action from a human point of view /$cMark W. Elliott. 260 $aBerlin ; ;$aBoston :$bDe Gruyter,$cİ2015. 300 $aVIII, 334 p. ;$c24 cm 490 1 $aArbeiten zur Kirchengeschichte ;$v124 500 $aInclude indice. 504 $aBibliografia in nota. 650 4$aCristianesimo$xCritica e interpretazione.$0(OLS)http://pul/subject/17455 830 0$aArbeiten zur Kirchengeschichte ;$v124.$0(OLS)http://pul/title/4204 850 $aPUL 852 $aPUL$W1$xSL Filosofia 1$y2$m115 L 124$j169076$qStampati$B169860$CPULBib$Z2$F169860 $H126287 $81 941 1 $a8 996 $6020$z9783110310566*$9(OLS)http://pul/number/158777 996 $6245$aProvidence perceived :$bdivine action from a human point of view$9(OLS)http://pul/title/184832 996 $6260$aBerlin ; $aBoston :$bDe Gruyter$9(OLS)http://pul/publisher/82016